[Event "DEM U10w 2022"]
[Site "Willingen GER"]
[Date "2022.06.06"]
[Round "4"]
[White "Frydel, Helena"]
[Black "Kovalskyy, Alicia"]
[Result "0-1"]
[Termination "normal"]
[Board "2"]
[WhiteElo "1141"]
[BlackElo "1499"]
[WhiteClock "00:04:34"]
[BlackClock "00:41:42"]
[PlyCount "96"]
[WhiteFideId "16266536"]
[BlackFideId "34612130"]
[EventCountry "GER"]
[EventRounds "11"]
[EventType "swiss"]
[EventDate "2022.06.04"]

1. e4 {[%clk 01:15:59]} e5 {[%clk 01:15:54]} {[%emt 00:00:07]} 2. d4 {[%clk
01:16:24]} {[%emt 00:00:05]} exd4 {[%clk 01:16:12]} {[%emt 00:00:12]} 3. Qxd4
{[%clk 01:16:46]} {[%emt 00:00:07]} Nc6 {[%clk 01:16:36]} {[%emt 00:00:06]} 4.
Qe3 {[%clk 01:17:12]} {[%emt 00:00:03]} d6 {[%clk 01:13:54]} {[%emt 00:03:13]}
5. Bd2 {[%clk 01:16:26]} {[%emt 00:01:17]} Nf6 {[%clk 01:13:29]} {[%emt
00:00:55]} 6. Nc3 {[%clk 01:15:47]} {[%emt 00:01:09]} g6 {[%clk 01:10:40]}
{[%emt 00:03:18]} 7. O-O-O {[%clk 01:14:51]} {[%emt 00:01:26]} Bg7 {[%clk
01:10:10]} {[%emt 00:01:00]} 8. Bc4 {[%clk 01:14:18]} {[%emt 00:01:03]} Ng4
{[%clk 01:09:21]} {[%emt 00:01:19]} 9. Qe2 {[%clk 01:14:34]} {[%emt 00:00:14]}
Na5 {[%clk 01:05:25]} {[%emt 00:04:26]} 10. f3 {[%clk 01:12:37]} {[%emt
00:02:25]} Nxc4 {[%clk 01:04:41]} {[%emt 00:01:17]} 11. fxg4 {[%clk 01:11:41]}
{[%emt 00:01:24]} Nxd2 {[%clk 01:04:45]} {[%emt 00:00:27]} 12. Qxd2 {[%clk
01:09:27]} {[%emt 00:02:44]} Bxg4 {[%clk 01:04:05]} {[%emt 00:01:09]} 13. Nf3
{[%clk 01:07:13]} {[%emt 00:02:44]} Bxf3 {[%clk 01:00:27]} {[%emt 00:04:09]}
14. gxf3 {[%clk 01:07:30]} {[%emt 00:00:13]} Qd7 {[%emt 00:03:44]} 15. Rhe1
{[%clk 01:03:47]} {[%emt 00:01:22]} O-O-O {[%clk 00:57:02]} {[%emt 00:03:33]}
16. Qe3 {[%clk 01:03:33]} {[%emt 00:00:37]} Kb8 {[%clk 00:55:07]} {[%emt
00:02:32]} 17. Rd5 {[%clk 00:59:50]} {[%emt 00:04:07]} Qh3 {[%clk 00:54:05]}
{[%emt 00:01:36]} 18. Ra5 {[%clk 00:51:49]} {[%emt 00:08:29]} Bh6 {[%clk
00:54:21]} {[%emt 00:00:17]} 19. f4 {[%clk 00:49:31]} {[%emt 00:02:49]} Qxe3+
{[%clk 00:54:33]} {[%emt 00:00:16]} 20. Rxe3 {[%clk 00:49:53]} {[%emt
00:00:09]} Bxf4 {[%clk 00:54:52]} {[%emt 00:00:12]} 21. Kd2 {[%clk 00:48:11]}
{[%emt 00:02:11]} Bxe3+ {[%clk 00:54:43]} {[%emt 00:00:40]} 22. Kxe3 {[%clk
00:48:29]} {[%emt 00:00:10]} b6 {[%clk 00:55:03]} {[%emt 00:00:12]} 23. Ra3
{[%clk 00:46:45]} {[%emt 00:02:07]} c6 {[%clk 00:53:46]} {[%emt 00:01:54]} 24.
b4 {[%clk 00:40:04]} {[%emt 00:07:11]} Rhe8 {[%clk 00:52:51]} {[%emt 00:01:24]}
25. b5 {[%clk 00:39:26]} {[%emt 00:01:09]} d5 {[%clk 00:52:23]} {[%emt
00:00:57]} 26. Ra4 {[%clk 00:32:32]} {[%emt 00:07:23]} c5 {[%clk 00:50:59]}
{[%emt 00:01:55]} 27. Kd3 {[%clk 00:30:04]} {[%emt 00:02:38]} dxe4+ {[%clk
00:50:47]} {[%emt 00:01:03]} 28. Ke3 {[%clk 00:30:17]} {[%emt 00:00:14]} f5
{[%clk 00:50:57]} {[%emt 00:00:22]} 29. Rc4 {[%clk 00:20:16]} {[%emt 00:10:30]}
Re7 {[%clk 00:47:58]} {[%emt 00:03:27]} 30. Ne2 {[%clk 00:14:15]} {[%emt
00:06:34]} Red7 {[%clk 00:46:53]} {[%emt 00:01:36]} 31. h4 {[%clk 00:12:43]}
{[%emt 00:02:01]} Rd1 {[%clk 00:45:08]} {[%emt 00:02:14]} 32. a4 {[%clk
00:11:00]} {[%emt 00:02:14]} Rh1 {[%clk 00:43:55]} {[%emt 00:01:43]} 33. Nf4
{[%clk 00:04:42]} {[%emt 00:06:49]} Rxh4 {[%clk 00:41:34]} {[%emt 00:02:50]}
34. Ne6 {[%clk 00:03:46]} {[%emt 00:01:26]} Rd6 {[%clk 00:40:34]} {[%emt
00:01:23]} 35. Nf4 {[%clk 00:03:53]} {[%emt 00:00:31]} Rd4 {[%clk 00:40:15]}
{[%emt 00:00:46]} 36. Rc3 {[%clk 00:03:41]} {[%emt 00:00:42]} g5 {[%clk
00:39:59]} {[%emt 00:00:48]} 37. Ne6 {[%clk 00:03:33]} {[%emt 00:00:38]} Rh3+
{[%clk 00:39:51]} {[%emt 00:00:38]} 38. Ke2 {[%clk 00:03:33]} {[%emt 00:00:30]}
Rxc3 {[%clk 00:40:06]} {[%emt 00:00:16]} 39. Nxd4 {[%clk 00:03:54]} {[%emt
00:00:08]} cxd4 {[%clk 00:40:29]} {[%emt 00:00:07]} 40. Kd2 {[%clk 00:04:05]}
{[%emt 00:00:19]} g4 {[%clk 00:40:18]} {[%emt 00:00:40]} 41. Ke2 {[%clk
00:03:27]} {[%emt 00:01:10]} Rxc2+ {[%clk 00:40:28]} {[%emt 00:00:20]} 42. Kd1
{[%clk 00:03:47]} {[%emt 00:00:09]} g3 {[%clk 00:40:47]} {[%emt 00:00:10]} 43.
Kxc2 {[%clk 00:03:41]} {[%emt 00:00:37]} g2 {[%clk 00:41:11]} {[%emt 00:00:06]}
44. Kd2 {[%clk 00:04:05]} {[%emt 00:00:07]} g1=Q {[%clk 00:41:31]} {[%emt
00:00:09]} 45. Ke2 {[%clk 00:04:06]} {[%emt 00:00:27]} Qg2+ {[%clk 00:41:06]}
{[%emt 00:01:24]} 46. Ke1 {[%clk 00:04:11]} {[%emt 00:00:36]} d3 {[%clk
00:41:19]} {[%emt 00:00:17]} 47. Kd1 {[%clk 00:04:26]} {[%emt 00:00:14]} Qc2+
{[%clk 00:41:42]} {[%emt 00:00:08]} 48. Ke1 {[%clk 00:04:34]} {[%emt 00:00:22]}
Qe2# {[%emt 00:00:05]} 0-1

[Event "DEM U10w 2022"]
[Site "Willingen GER"]
[Date "2022.06.06"]
[Round "4"]
[White "Fruth, Julia"]
[Black "Stiehler, Mara"]
[Result "0-1"]
[Termination "normal"]
[Board "3"]
[WhiteElo "1037"]
[BlackElo "1200"]
[WhiteClock "00:18:43"]
[BlackClock "00:47:47"]
[PlyCount "77"]
[WhiteFideId "34603050"]
[BlackFideId "34621199"]
[EventCountry "GER"]
[EventRounds "11"]
[EventType "swiss"]
[EventDate "2022.06.04"]

1. e4 {[%clk 01:15:57]} {[%emt 00:00:02]} e6 {[%clk 01:15:56]} {[%emt
00:00:04]} 2. d4 {[%clk 01:16:22]} {[%emt 00:00:05]} d5 {[%clk 01:16:21]}
{[%emt 00:00:06]} 3. exd5 {[%clk 01:16:42]} {[%emt 00:00:10]} exd5 {[%clk
01:16:44]} {[%emt 00:00:06]} 4. Nf3 {[%clk 01:16:59]} {[%emt 00:00:13]} Bd6
{[%clk 01:17:06]} {[%emt 00:00:08]} 5. Nc3 {[%clk 01:16:49]} {[%emt 00:00:40]}
Ne7 {[%clk 01:17:27]} {[%emt 00:00:09]} 6. Bd3 {[%clk 01:17:03]} {[%emt
00:00:16]} Nbc6 {[%clk 01:17:40]} {[%emt 00:00:18]} 7. O-O {[%clk 01:16:29]}
{[%emt 00:01:03]} Bg4 {[%clk 01:18:00]} {[%emt 00:00:10]} 8. Be3 {[%clk
01:16:16]} {[%emt 00:00:43]} Qd7 {[%clk 01:18:15]} {[%emt 00:00:15]} 9. a3
{[%clk 01:14:37]} {[%emt 00:02:09]} f6 {[%clk 01:18:32]} {[%emt 00:00:13]} 10.
b4 {[%clk 01:12:06]} {[%emt 00:03:00]} O-O {[%clk 01:18:45]} {[%emt 00:00:18]}
11. Be2 {[%clk 01:11:27]} {[%emt 00:01:09]} a5 {[%clk 01:16:39]} {[%emt
00:02:36]} 12. b5 {[%clk 01:05:48]} {[%emt 00:06:08]} Nd8 {[%clk 01:15:12]}
{[%emt 00:01:58]} 13. a4 {[%clk 01:01:54]} {[%emt 00:04:24]} c6 {[%clk
01:13:10]} {[%emt 00:02:32]} 14. bxc6 {[%clk 00:56:57]} {[%emt 00:05:27]} Ndxc6
{[%clk 01:10:56]} {[%emt 00:02:43]} 15. Bb5 {[%clk 00:57:10]} {[%emt 00:00:19]}
Qc7 {[%clk 01:10:09]} {[%emt 00:01:16]} 16. Qb1 {[%clk 00:51:53]} {[%emt
00:05:47]} Bxf3 {[%clk 01:09:50]} {[%emt 00:00:49]} 17. gxf3 {[%clk 00:52:15]}
{[%emt 00:00:08]} Bxh2+ {[%clk 01:10:05]} {[%emt 00:00:15]} 18. Kg2 {[%clk
00:51:37]} {[%emt 00:01:08]} Bf4 {[%clk 01:06:36]} {[%emt 00:03:58]} 19. Rh1
{[%clk 00:48:34]} {[%emt 00:03:34]} Bxe3 {[%clk 01:05:56]} {[%emt 00:01:10]}
20. fxe3 {[%clk 00:48:55]} {[%emt 00:00:09]} Nf5 {[%clk 01:05:26]} {[%emt
00:00:59]} 21. Qe1 {[%clk 00:46:30]} {[%emt 00:02:54]} Nb4 {[%clk 01:03:21]}
{[%emt 00:02:36]} 22. Rc1 {[%clk 00:44:44]} {[%emt 00:02:15]} Rac8 {[%clk
01:02:47]} {[%emt 00:01:06]} 23. e4 {[%clk 00:40:10]} {[%emt 00:05:05]} Nxd4
{[%clk 01:00:50]} {[%emt 00:02:26]} 24. Nxd5 {[%clk 00:35:29]} {[%emt
00:05:09]} Nxd5 {[%clk 00:59:07]} {[%emt 00:02:13]} 25. exd5 {[%clk 00:34:44]}
{[%emt 00:01:17]} Qe5 {[%clk 00:54:03]} {[%emt 00:05:33]} 26. Qxe5 {[%clk
00:30:44]} {[%emt 00:04:30]} fxe5 {[%clk 00:54:03]} {[%emt 00:00:31]} 27. Bd3
{[%clk 00:29:47]} {[%emt 00:01:26]} h6 {[%clk 00:53:47]} {[%emt 00:00:46]} 28.
Rhf1 {[%clk 00:28:55]} {[%emt 00:01:21]} Nf5 {[%clk 00:52:09]} {[%emt
00:02:08]} 29. Rh1 {[%clk 00:26:15]} {[%emt 00:03:11]} Ne3+ {[%clk 00:51:22]}
{[%emt 00:01:17]} 30. Kf2 {[%clk 00:25:01]} {[%emt 00:01:42]} Nxd5 {[%clk
00:50:35]} {[%emt 00:01:20]} 31. Rcg1 {[%clk 00:22:51]} {[%emt 00:02:39]} Nc3
{[%clk 00:48:37]} {[%emt 00:02:28]} 32. Rxh6 {[%clk 00:20:51]} {[%emt
00:02:30]} e4 {[%clk 00:47:18]} {[%emt 00:01:50]} 33. Be2 {[%clk 00:18:34]}
{[%emt 00:02:47]} Nxe2 {[%clk 00:47:12]} {[%emt 00:00:36]} 34. Kxe2 {[%clk
00:18:51]} {[%emt 00:00:13]} exf3+ {[%clk 00:47:21]} {[%emt 00:00:22]} 35. Kf2
{[%clk 00:19:03]} {[%emt 00:00:16]} Rxc2+ {[%clk 00:47:32]} {[%emt 00:00:20]}
36. Kg3 {[%clk 00:19:21]} {[%emt 00:00:11]} gxh6 {[%clk 00:47:26]} {[%emt
00:00:37]} 37. Rf1 {[%clk 00:18:30]} {[%emt 00:01:22]} Rg2+ {[%clk 00:47:37]}
{[%emt 00:00:18]} 38. Kh3 {[%clk 00:18:45]} {[%emt 00:00:15]} Rf5 {[%clk
00:47:47]} {[%emt 00:00:18]} 39. Rxf3 {[%clk 00:18:43]} {[%emt 00:00:33]} 0-1

[Event "DEM U10w 2022"]
[Site "Willingen GER"]
[Date "2022.06.06"]
[Round "4"]
[White "Hladeniuk, Yelyzaveta"]
[Black "Bacakova, Klara"]
[Result "0-1"]
[Termination "normal"]
[Board "4"]
[WhiteElo "1019"]
[BlackElo "1169"]
[WhiteClock "00:30:22"]
[BlackClock "00:27:54"]
[PlyCount "82"]
[WhiteFideId "34176128"]
[BlackFideId "34605762"]
[EventCountry "GER"]
[EventRounds "11"]
[EventType "swiss"]
[EventDate "2022.06.04"]

1. d4 {[%clk 01:15:58]} {[%emt 00:00:01]} d5 {[%clk 01:15:52]} {[%emt
00:00:08]} 2. c4 {[%clk 01:16:24]} {[%emt 00:00:05]} e6 {[%clk 01:16:05]}
{[%emt 00:00:16]} 3. Nc3 {[%clk 01:16:45]} {[%emt 00:00:09]} Nf6 {[%clk
01:16:25]} {[%emt 00:00:10]} 4. cxd5 {[%clk 01:17:10]} {[%emt 00:00:05]} exd5
{[%clk 01:16:38]} {[%emt 00:00:16]} 5. Bg5 {[%clk 01:17:33]} {[%emt 00:00:07]}
Nbd7 {[%clk 01:16:41]} {[%emt 00:00:28]} 6. Nf3 {[%clk 01:17:45]} {[%emt
00:00:18]} c6 {[%clk 01:16:01]} {[%emt 00:01:11]} 7. e3 {[%clk 01:16:20]}
{[%emt 00:01:55]} Qa5 {[%clk 01:16:15]} {[%emt 00:00:15]} 8. a3 {[%clk
01:16:28]} {[%emt 00:00:23]} Ne4 {[%clk 01:09:00]} {[%emt 00:07:45]} 9. Rc1
{[%clk 01:16:26]} {[%emt 00:00:31]} Ndf6 {[%clk 01:04:25]} {[%emt 00:05:05]}
10. Bd3 {[%clk 01:10:06]} {[%emt 00:06:50]} Nxc3 {[%clk 01:02:01]} {[%emt
00:02:54]} 11. Rxc3 {[%clk 01:06:08]} {[%emt 00:04:28]} Ne4 {[%clk 01:00:15]}
{[%emt 00:02:17]} 12. Bxe4 {[%clk 01:05:34]} {[%emt 00:01:03]} dxe4 {[%clk
01:00:07]} {[%emt 00:00:39]} 13. Nd2 {[%clk 01:05:41]} {[%emt 00:00:22]} Qxg5
{[%clk 00:59:58]} {[%emt 00:00:39]} 14. Rg1 {[%clk 01:04:52]} {[%emt 00:01:19]}
Bf5 {[%clk 00:55:41]} {[%emt 00:04:48]} 15. Qb3 {[%clk 00:56:42]} {[%emt
00:08:40]} Rb8 {[%clk 00:47:28]} {[%emt 00:08:42]} 16. Rxc6 {[%clk 00:55:49]}
{[%emt 00:01:23]} Be6 {[%clk 00:45:47]} {[%emt 00:02:11]} 17. d5 {[%clk
00:54:31]} {[%emt 00:01:49]} Bxd5 {[%clk 00:41:25]} {[%emt 00:04:51]} 18. Qb5
{[%clk 00:54:09]} {[%emt 00:00:51]} bxc6 {[%clk 00:38:32]} {[%emt 00:03:24]}
19. Qxb8+ {[%clk 00:54:17]} {[%emt 00:00:22]} Qd8 {[%clk 00:37:32]} {[%emt
00:01:30]} 20. Qe5+ {[%clk 00:52:36]} {[%emt 00:02:07]} Qe7 {[%clk 00:33:13]}
{[%emt 00:04:53]} 21. Qb8+ {[%clk 00:52:49]} {[%emt 00:00:17]} Kd7 {[%clk
00:30:59]} {[%emt 00:02:43]} 22. Qb7+ {[%clk 00:50:40]} {[%emt 00:02:40]} Ke6
{[%clk 00:30:48]} {[%emt 00:00:41]} 23. Qc8+ {[%clk 00:40:55]} {[%emt
00:10:14]} Qd7 {[%clk 00:30:01]} {[%emt 00:01:17]} 24. Qxd7+ {[%clk 00:40:58]}
{[%emt 00:00:28]} Kxd7 {[%clk 00:30:19]} {[%emt 00:00:12]} 25. Ke2 {[%clk
00:41:17]} {[%emt 00:00:11]} Bd6 {[%clk 00:30:19]} {[%emt 00:00:29]} 26. h3
{[%clk 00:41:05]} {[%emt 00:00:43]} Rb8 {[%clk 00:30:00]} {[%emt 00:00:50]} 27.
b4 {[%clk 00:39:38]} {[%emt 00:01:56]} c5 {[%clk 00:29:05]} {[%emt 00:01:25]}
28. bxc5 {[%clk 00:38:45]} {[%emt 00:01:06]} Bxc5 {[%clk 00:29:14]} {[%emt
00:00:38]} 29. Rb1 {[%clk 00:38:37]} {[%emt 00:00:37]} Bc4+ {[%clk 00:28:02]}
{[%emt 00:01:43]} 30. Ke1 {[%clk 00:37:49]} {[%emt 00:01:16]} Rxb1+ {[%clk
00:28:13]} {[%emt 00:00:22]} 31. Nxb1 {[%clk 00:38:06]} {[%emt 00:00:12]} Bd3
{[%clk 00:27:53]} {[%emt 00:00:50]} 32. Nd2 {[%clk 00:36:18]} {[%emt 00:02:17]}
Bxa3 {[%clk 00:27:57]} {[%emt 00:00:27]} 33. Nb3 {[%clk 00:34:42]} {[%emt
00:02:03]} a5 {[%clk 00:27:56]} {[%emt 00:00:35]} 34. Kd2 {[%clk 00:33:59]}
{[%emt 00:01:12]} a4 {[%clk 00:27:00]} {[%emt 00:01:26]} 35. Nc1 {[%clk
00:31:39]} {[%emt 00:02:50]} Bxc1+ {[%clk 00:26:44]} {[%emt 00:00:46]} 36. Kxc1
{[%clk 00:31:24]} {[%emt 00:00:45]} a3 {[%clk 00:26:31]} {[%emt 00:00:44]} 37.
g3 {[%clk 00:31:32]} {[%emt 00:00:21]} Kc6 {[%clk 00:26:53]} {[%emt 00:00:08]}
38. h4 {[%clk 00:30:53]} {[%emt 00:01:08]} Kc5 {[%clk 00:27:14]} {[%emt
00:00:10]} 39. g4 {[%clk 00:30:10]} {[%emt 00:01:14]} Kc4 {[%clk 00:27:24]}
{[%emt 00:00:20]} 40. h5 {[%clk 00:30:33]} {[%emt 00:00:06]} Kb3 {[%clk
00:27:42]} {[%emt 00:00:12]} 41. g5 {[%clk 00:30:22]} {[%emt 00:00:41]} a2
{[%clk 00:27:54]} {[%emt 00:00:17]} 0-1

[Event "DEM U10w 2022"]
[Site "Willingen GER"]
[Date "2022.06.06"]
[Round "4"]
[White "Englert, Ann"]
[Black "Heidtkamp, Anna"]
[Result "1-0"]
[Termination "normal"]
[Board "5"]
[WhiteElo "1059"]
[BlackElo "1163"]
[WhiteClock "00:49:18"]
[BlackClock "01:02:58"]
[PlyCount "111"]
[WhiteFideId "34606181"]
[BlackFideId "16269012"]
[EventCountry "GER"]
[EventRounds "11"]
[EventType "swiss"]
[EventDate "2022.06.04"]

1. d4 {[%clk 01:15:59]} {[%emt 00:00:01]} d5 {[%clk 01:15:54]} {[%emt
00:00:07]} 2. c4 {[%clk 01:16:24]} {[%emt 00:00:04]} e6 {[%clk 01:16:21]}
{[%emt 00:00:03]} 3. Nc3 {[%clk 01:16:47]} {[%emt 00:00:07]} Nf6 {[%clk
01:16:46]} {[%emt 00:00:05]} 4. cxd5 {[%clk 01:17:11]} {[%emt 00:00:06]} exd5
{[%clk 01:17:10]} {[%emt 00:00:06]} 5. Bg5 {[%clk 01:17:34]} {[%emt 00:00:06]}
Be7 {[%clk 01:17:23]} {[%emt 00:00:18]} 6. e3 {[%clk 01:17:57]} {[%emt
00:00:07]} Nbd7 {[%clk 01:17:37]} {[%emt 00:00:16]} 7. Bd3 {[%clk 01:18:13]}
{[%emt 00:00:13]} O-O {[%clk 01:17:57]} {[%emt 00:00:10]} 8. Nf3 {[%clk
01:18:32]} {[%emt 00:00:11]} b6 {[%clk 01:18:20]} {[%emt 00:00:08]} 9. Qc2
{[%clk 01:18:41]} {[%emt 00:00:20]} h6 {[%clk 01:18:43]} {[%emt 00:00:08]} 10.
Bxf6 {[%clk 01:18:59]} {[%emt 00:00:12]} Nxf6 {[%clk 01:19:07]} {[%emt
00:00:05]} 11. O-O {[%clk 01:19:20]} {[%emt 00:00:10]} Bb7 {[%clk 01:19:27]}
{[%emt 00:00:11]} 12. Nb5 {[%clk 01:18:31]} {[%emt 00:01:18]} c5 {[%clk
01:18:44]} {[%emt 00:01:13]} 13. b3 {[%clk 01:16:40]} {[%emt 00:02:21]} Ba6
{[%clk 01:18:38]} {[%emt 00:00:36]} 14. a4 {[%clk 01:14:37]} {[%emt 00:02:33]}
Qd7 {[%clk 01:17:26]} {[%emt 00:01:42]} 15. Ne5 {[%clk 01:14:29]} {[%emt
00:00:29]} Qc8 {[%clk 01:16:19]} {[%emt 00:01:46]} 16. f4 {[%clk 01:10:41]}
{[%emt 00:04:17]} cxd4 {[%clk 01:15:21]} {[%emt 00:01:29]} 17. Qxc8 {[%clk
01:10:41]} {[%emt 00:00:30]} Rfxc8 {[%clk 01:15:36]} {[%emt 00:00:15]} 18. Nxd4
{[%clk 01:04:10]} {[%emt 00:07:00]} Bxd3 {[%clk 01:14:10]} {[%emt 00:01:57]}
19. Nxd3 {[%clk 01:04:30]} {[%emt 00:00:10]} Rc3 {[%clk 01:12:47]} {[%emt
00:01:53]} 20. Rad1 {[%clk 01:02:57]} {[%emt 00:01:50]} Bc5 {[%clk 01:09:30]}
{[%emt 00:04:01]} 21. Nxc5 {[%clk 00:53:54]} {[%emt 00:09:33]} bxc5 {[%clk
01:09:34]} {[%emt 00:00:26]} 22. Nf5 {[%clk 00:54:09]} {[%emt 00:00:12]} Rxb3
{[%clk 01:06:07]} {[%emt 00:04:00]} 23. Ne7+ {[%clk 00:53:42]} {[%emt
00:00:49]} Kf8 {[%clk 01:06:27]} {[%emt 00:00:18]} 24. Nxd5 {[%clk 00:53:52]}
{[%emt 00:00:19]} Nxd5 {[%clk 01:06:54]} {[%emt 00:00:04]} 25. Rxd5 {[%clk
00:54:14]} {[%emt 00:00:08]} Rxe3 {[%clk 01:07:12]} {[%emt 00:00:12]} 26. Rxc5
{[%clk 00:54:38]} {[%emt 00:00:06]} Ra3 {[%clk 01:07:28]} {[%emt 00:00:15]} 27.
Rc4 {[%clk 00:54:52]} {[%emt 00:00:15]} Re8 {[%clk 01:07:15]} {[%emt 00:00:43]}
28. Rf3 {[%clk 00:51:27]} {[%emt 00:03:49]} Rxf3 {[%clk 01:06:34]} {[%emt
00:01:18]} 29. gxf3 {[%clk 00:51:47]} {[%emt 00:00:09]} Re1+ {[%clk 01:06:37]}
{[%emt 00:00:26]} 30. Kg2 {[%clk 00:52:09]} {[%emt 00:00:06]} Ra1 {[%clk
01:07:04]} {[%emt 00:00:06]} 31. Re4 {[%clk 00:52:19]} {[%emt 00:00:15]} Ra2+
{[%clk 01:05:34]} {[%emt 00:02:06]} 32. Kg3 {[%clk 00:52:36]} {[%emt 00:00:12]}
g6 {[%clk 01:05:48]} {[%emt 00:00:17]} 33. h3 {[%clk 00:52:22]} {[%emt
00:00:43]} Kg7 {[%clk 01:06:09]} {[%emt 00:00:09]} 34. Rd4 {[%clk 00:48:06]}
{[%emt 00:04:45]} a5 {[%clk 01:05:37]} {[%emt 00:01:03]} 35. Re4 {[%clk
00:48:01]} {[%emt 00:00:34]} Kf6 {[%clk 01:05:50]} {[%emt 00:00:18]} 36. h4
{[%clk 00:47:22]} {[%emt 00:01:05]} h5 {[%clk 01:05:44]} {[%emt 00:00:39]} 37.
Kh3 {[%clk 00:47:36]} {[%emt 00:00:16]} Ra3 {[%clk 01:05:54]} {[%emt 00:00:21]}
38. Kg2 {[%clk 00:47:33]} {[%emt 00:00:27]} Ra1 {[%clk 01:06:12]} {[%emt
00:00:17]} 39. Kh2 {[%clk 00:47:39]} {[%emt 00:00:20]} Rf1 {[%clk 01:06:32]}
{[%emt 00:00:15]} 40. Kg2 {[%clk 00:48:01]} {[%emt 00:00:05]} Ra1 {[%clk
01:06:34]} {[%emt 00:00:30]} 41. Kh2 {[%clk 00:48:15]} {[%emt 00:00:13]} Kg7
{[%clk 01:06:51]} {[%emt 00:00:18]} 42. Rd4 {[%clk 00:45:57]} {[%emt 00:02:47]}
Kf6 {[%clk 01:05:33]} {[%emt 00:01:47]} 43. Re4 {[%clk 00:46:04]} {[%emt
00:00:22]} Ra3 {[%clk 01:05:31]} {[%emt 00:00:34]} 44. Kg2 {[%clk 00:46:15]}
{[%emt 00:00:17]} Kg7 {[%clk 01:05:34]} {[%emt 00:00:28]} 45. Rd4 {[%clk
00:46:26]} {[%emt 00:00:19]} Kh6 {[%clk 01:05:50]} {[%emt 00:00:15]} 46. Kg3
{[%clk 00:46:33]} {[%emt 00:00:21]} Rb3 {[%clk 01:05:56]} {[%emt 00:00:26]} 47.
Rd5 {[%clk 00:46:39]} {[%emt 00:00:15]} Ra3 {[%clk 01:05:15]} {[%emt 00:01:20]}
48. Rxa5 {[%clk 00:47:02]} {[%emt 00:00:07]} f6 {[%clk 01:05:23]} {[%emt
00:00:22]} 49. Ra8 {[%clk 00:47:17]} {[%emt 00:00:14]} g5 {[%clk 01:05:23]}
{[%emt 00:00:31]} 50. fxg5+ {[%clk 00:47:13]} {[%emt 00:00:33]} Kg6 {[%clk
01:04:11]} {[%emt 00:01:43]} 51. gxf6 {[%clk 00:47:31]} {[%emt 00:00:11]} Kxf6
{[%clk 01:04:32]} {[%emt 00:00:09]} 52. a5 {[%clk 00:47:55]} {[%emt 00:00:06]}
Ra4 {[%clk 01:04:56]} {[%emt 00:00:07]} 53. a6 {[%clk 00:48:20]} {[%emt
00:00:05]} Ke7 {[%clk 01:02:37]} {[%emt 00:02:50]} 54. a7 {[%clk 00:48:37]}
{[%emt 00:00:12]} Kd7 {[%clk 01:02:58]} {[%emt 00:00:09]} 55. Rh8 {[%clk
00:48:57]} {[%emt 00:00:08]} Rxa7 {[%clk 01:02:58]} {[%emt 00:00:33]} 56. Rh7+
{[%clk 00:49:18]} {[%emt 00:00:07]} 1-0